Kada Lajos érsek halálára

Bibliographic Details
Main Author: Koller, Gyula, 1921- (Author)
Format: Article
Language:Hungarian
PhysicalDescription:Fotogr.
ISSN:1335-6534
Subjects:

MARC

LEADER 00000nab a2200000 a 4500
001 vtls000781685
003 SK-MaSNL
005 20260319070413.0
008 160321c2001 xo 0 hun
015 |a SNBRB2002/01-02751 
035 |a CLN000133413 
040 |a SNKBUCL  |b slo  |c SNKBUCL  |e AACR2 
041 0 |a hun 
044 |a xo  |c SK 
080 |a 2-051(439)  |2 UDC-MRF-SK2 
080 |a 262.12(439):282  |2 UDC-MRF-SK2 
080 |a 929 Kada, Lajos  |2 UDC-MRF-SK2 
100 1 |a Koller, Gyula,  |d 1921-  |4 aut  |9 267145 
245 1 0 |a Kada Lajos érsek halálára  |c Koller Gyula 
300 |b Fotogr. 
600 1 7 |a Kada, Lajos  |d 1924-2001  |2 snkbucl  |9 918114 
655 7 |a články z novín a časopisov  |2 snkbucl  |9 267496 
773 0 |x 1335-6534  |t Remény  |g Roč. 12, č. 49 (2001), s. 2 
850 |a Slovenská národná knižnica v Martine 
852 |a SNK  |b KIS3GCP 
958 |a HU 
958 |a BC 
958 |a RBX 
999 |c 1764652  |d 1766582